| 000 | 00519nam a22001937a 4500 | ||
|---|---|---|---|
| 003 | NUST - PNEC | ||
| 005 | 20170116181157.0 | ||
| 008 | 160115b xxu||||| |||| 00| 0 eng d | ||
| 020 | _a- | ||
| 040 | _cLIBRARY | ||
| 082 | _a918.15 CAM | ||
| 100 |
_916064 _aCamoes, Eduardo |
||
| 245 |
_aRio antigo por camoes old rio by camoes , Volume II _cCamoes, Eduardo |
||
| 250 | _aVolume II | ||
| 260 |
_bRio de Janeiro Art Collection Studio Editora _c1994 |
||
| 300 | _a104 p. | ||
| 650 | _xGeneral | ||
| 942 |
_2ddc _cBK |
||
| 999 |
_c71286 _d71286 |
||